00351nam a2200109Ia 4500008004100000082000800041100002100049245005400070942000600124952009600130999001500226240331s9999 xx 000 0 und d bTHI aThiruchandran, S 4aThe dilemme of theories :ba feminist perspective cL 001040708LaWERCLbWERCLcSSCd2024-03-31l0o 305.4 THIp672r2024-03-31w2024-03-31yL c1707d1707